00557nam a2200169Ia 4500003000900000008004100009020002200050040001600072080001900088100002500107245013400132260004200266300001500308650002400323650002100347650001900368IN-BaIIA211028s9999 xx 000 0 eng d a978-3-527-40979-2 cIIA Library a530.145bZEL-1 aZelevinsky, Vladimir 0aQuantum physicsbvol. 1, from basics to symmetries and perturbationscVladimir Zelevinsky  aWeinheimbWiley-VCH Verlag Gmbhc2011 axiv, 602p. aDiscrete symmetries aQuantum dynamics aQuantum theory